County Seats of California - Statistics

General Stats
  • This quiz has been taken 22 times
  • The average score is 34 of 58
Answer Stats
County Answer City or CDP? % Correct
Kern Bakersfield City
92%
Fresno Fresno City
92%
Los Angeles Los Angeles City
92%
Alameda Oakland City
92%
Sacramento Sacramento City
92%
San Francisco San Francisco City-County
92%
Santa Clara San Jose City
92%
Riverside Riverside City
83%
Monterey Salinas City
83%
San Diego San Diego City
83%
San Luis Obispo San Luis Obispo City
83%
Santa Barbara Santa Barbara City
83%
Napa Napa City
75%
Shasta Redding City
75%
San Bernardino San Bernardino City
75%
Orange Santa Ana City
75%
Santa Cruz Santa Cruz City
75%
Sonoma Santa Rosa City
75%
Humboldt Eureka City
67%
Merced Merced City
67%
Marin San Rafael City
67%
San Joaquin Stockton City
67%
Ventura Ventura City
67%
Sutter Yuba City City
67%
Colusa Colusa City
58%
Del Norte Crescent City City
58%
Madera Madera City
58%
Mariposa Mariposa CDP
58%
Stanislaus Modesto City
58%
Nevada Nevada City City
58%
Tehama Red Bluff City
58%
Lassen Susanville City
58%
Tulare Visalia City
58%
Imperial El Centro City
50%
Lake Lakeport City
50%
Alpine Markleeville CDP
50%
Contra Costa Martinez City
50%
El Dorado Placerville City
50%
San Mateo Redwood City City
50%
Siskiyou Yreka City
50%
Amador Jackson City
42%
Mendocino Ukiah City
42%
Trinity Weaverville CDP
42%
Modoc Alturas City
33%
Placer Auburn City
33%
Kings Hanford City
33%
San Benito Hollister City
33%
Inyo Independence CDP
33%
Butte Oroville City
33%
Plumas Quincy CDP
33%
Tuolumne Sonora City
33%
Glenn Willows City
33%
Mono Bridgeport CDP
25%
Sierra Downieville CDP
25%
Solano Fairfield City
25%
Yuba Marysville City
25%
Calaveras San Andreas CDP
25%
Yolo Woodland City
25%
No matching quizzes found
Score Distribution
Percent of People with Each Score
Percentile by Number Answered
Your Score History
You have not taken this quiz